India Book Of Records 2011 (Record no. 196501)

MARC details
000 -LEADER
fixed length control field 00507nam a22001697a 4500
005 - DATE AND TIME OF LATEST TRANSACTION
control field 20230705164258.0
010 ## - LCCN (DPL NO)
LC control number ENG-137299
020 ## - INTERNATIONAL STANDARD BOOK NUMBER
International Standard Book Number 9788128831546
Terms of availability 250.00
035 ## - SYSTEM CONTROL NUMBER
System control number EN-120831
037 ## - SOURCE OF ACQUISITION
Source of stock number/acquisition DBAD/PUB
082 ## - DEWEY DECIMAL CLASSIFICATION NUMBER
Classification number 000
245 ## - TITLE STATEMENT
Title India Book Of Records 2011
Statement of responsibility, etc Edited by Biswaroop Roy Chowdhury
260 ## - PUBLICATION, DISTRIBUTION, ETC. (IMPRINT)
Place of publication, distribution, etc Haryana
Name of publisher, distributor, etc Dimond Books
Date of publication, distribution, etc 2011
270 ## - ADDRESS
Address X-30,Okhla Industrial Area ,phase-II
City New Delhi
Postal code 110020
300 ## - PHYSICAL DESCRIPTION
Extent 254pg
Dimensions 21.5(pbk)
942 ## - ADDED ENTRY ELEMENTS (KOHA)
Source of classification or shelving scheme Dewey Decimal Classification
Item type English Books
Call number suffix CHO
Classification part 000
Holdings
Withdrawn status Lost status Not for loan Collection code Home library Current library Date acquired Source of acquisition Cost, normal purchase price Full call number Barcode Copy number Cost, replacement price Koha item type
      Non-fiction Narela Narela 05/07/2023 DBAD/PUB 250.00 000 CHO EN-120831 1 250.00 English Books

© Delhi Public Library
Hit Counter
free hit counter